000 00865nas a2200277 4500
001 BR9510066
003 BR-BrBNA
005 20231205095538.0
007 ta
008 230509b bl.|||p| |||| 00| 00por d
040 _aBR-BrBNA
_bpor
_cBiblioteca Nacional de Agricultura
041 _a(En)
072 _aF62; F66
100 1 _aMenezes Neto, M.A.
100 1 _aAlves, J.D.
100 1 _aOliveira, L.E.M. de
245 1 _aAnaerobic metabolism of Euterpe oleracea; 1: alcohol dehydrogenase, lactate dehydrogenase and seed embryo development
650 _aAcai
650 _aSemente
650 _aMetabolismo
650 _aDesidrogenase
650 _aEmbriao
773 0 _tRevista Brasileira de Fisiologia Vegetal (Brazil)
_xISSN 0103-3131
_g(Jun 1995), v. 7(1) p. 41-45
_wBR9510066
909 _a202311
_bLúcia
_c55
_dLúcia Elande
942 _2AGRIS
_n0
_cANA
999 _c151291
_d151291